Kajian sosio-ekonomi penanam tembakau di kawasan tanah liat di Kedah, Perlis dan Kelantan : oleh Ahmad Fauzi...[et al].

Bibliographic Details
Corporate Author: Institut Penyelidikan Perhutanan Malaysia
Other Authors: Ismariah Ahmad, Mohd Parid Mamat, Najib Lotfy Arshad
Format: Book
Published: Kuala Lumpur : FRIM , 2006
Subjects:

MARC

LEADER 00000cam a2200000 7i4500
001 0000003963
005 20130111.0
020 0 0 |a 98322221817172 
090 0 0 |a 338.173710720595112   |b TEM 2006 
245 0 0 |a Kajian sosio-ekonomi penanam tembakau di kawasan tanah liat di Kedah, Perlis dan Kelantan :   |b oleh Ahmad Fauzi...[et al]. 
260 0 0 |a Kuala Lumpur :   |b FRIM ,   |c 2006 
300 |a 25 p. :   |b col. ill. ;   |c 30 cm. 
650 0 0 |a Tobacco industry---Economic aspects---Research---Kedah 
650 0 0 |a Tobacco industry---Economic aspects---Research---Kelantan 
650 0 0 |a Tobacco industry---Economic aspects---Research---Perlis 
700 0 1 |a Ismariah Ahmad 
700 0 1 |a Mohd Parid Mamat 
700 0 1 |a Najib Lotfy Arshad 
710 1 1 |a Institut Penyelidikan Perhutanan Malaysia 
998 |a JPSM 
999 |a 007764   |b Monograph   |c Open Shelf   |e Default branch